Der verzierte Löffel : Seine Formgeschichte und Verwendung im alten Ägypten /

Saved in:

Main Author: Gamer-Wallert, Ingrid (Author)

Format: Book

Language: German

Published: Wiesbaden : O. Harrassowitz, 1967.

Series: Agyptologische Abhandlungen ; 16.
AA ; 16.

Subjects:

Tags: Add Tag

No Tags, Be the first to tag this record!

Call Number: DT57 .A31 v.16

LEADER 00916namaa2200289 4500
001 5539
003 OSt
005 20260330130446.0
008 130303s1967 gw af bc 000 0 ger d
010 |a 68099417 
040 |c ARCE Library 
043 |a f-ua--- 
050 4 |a DT57 .A31 v.16 
100 1 |a Gamer-Wallert, Ingrid,  |e author  |9 30449 
245 1 4 |a Der verzierte Löffel :   |b Seine Formgeschichte und Verwendung im alten Ägypten /   |c Ingrid Gamer-Wallert. 
264 1 |a Wiesbaden :  |b O. Harrassowitz,  |c 1967. 
300 |a 150 pages :  |b illustrations, 39 plates ;  |c 31 cm. 
490 1 |a Agyptologische Abhandlungen ;   |v 16. 
490 1 |a AA ;   |v 16. 
504 |a Bibliographical footnotes. 
650 0 |a Spoons  |z Egypt  |v Catalogs.  |9 4884 
650 0 |a Art objects, Egyptian  |v Catalogs. 
830 0 |a Agyptologische Abhandlungen ;   |v 16. 
830 0 |a AA ;   |v 16. 
901 |a reviewed 
942 |c BK  |2 lcc 
999 |c 9453  |d 9453